000 00387nam a2200169Ia 4500
003 0STCL
008 150530s9999 xx 000 0 und d
040 _aSTCL
_cSTCL
100 _aPolo; Lathum, R.; Editor
245 _aTravels of Marcopolo
250 _aFirst
260 _bPenguin books
_c1982
546 _aEnglish
942 _2ddc
_cBK
999 _c60499
_d60499
005 20220125171136.0